| 000 | 01036nas a2200349 4500 | ||
|---|---|---|---|
| 001 | BR2014005418 | ||
| 003 | BR-BrBNA | ||
| 005 | 20231205124434.0 | ||
| 007 | ta | ||
| 008 | 230509b bl.|||p| |||| 00| 00por d | ||
| 040 |
_aBR-BrBNA _bpor _cBiblioteca Nacional de Agricultura |
||
| 041 | _a(En) | ||
| 072 | _aE71; E70 | ||
| 100 | 1 | _aPereira, P.R.R.X. | |
| 100 | 1 | _aBarcellos, J.O.J. | |
| 100 | 1 | _aFrederizzi, L.C. | |
| 100 | 1 | _aLampert, V. do N. | |
| 100 | 1 | _aCanozzi, M.E.A. | |
| 100 | 1 | _aMarques, P.R. | |
| 245 | 1 | _aAdvantages and challenges for brazilian export of frozen beef | |
| 650 | _aBOVINO | ||
| 650 | _aCARNE | ||
| 650 | _aRASTREAMENTO | ||
| 650 | _aAFTOSA | ||
| 650 | _aMERCADO INTERNACIONAL | ||
| 650 | _aCONSUMIDOR | ||
| 650 | _aVETERINÁRIA | ||
| 773 | 0 |
_tRevista Brasileira de Zootecnia (Brazil) _xISSN 1806-9290 _g(Jan 2011), v. 40(1) p. 200-209 _wBR2014005418 |
|
| 856 | 4 | 0 | _uhttp://www.scielo.br/pdf/rbz/v40n1/v40n1a28.pdf |
| 909 |
_a202311 _bLúcia _c55 _dLúcia Elande |
||
| 942 |
_2AGRIS _n0 _cANA |
||
| 999 |
_c239082 _d239082 |
||